000 00422nam a22001697a 4500
003 MPLRDC
005 20220104123405.0
008 210129b ||||| |||| 00| 0 eng d
020 _a962-257-056-9
082 _a848.3 YS v.56 c.2
100 _a亦舒著
245 _a岂有豪情似旧时
_c
260 _a
_b天地图书有限公司
_c1989
300 _b
650 _a现代别集
942 _cBK
_o848.3 YS v.56 c.2
999 _c11048
_d11038